Cool Words(in my opinion) - Statistics

General Stats
  • This quiz has been taken 3 times
  • The average score is 90 of 235
Answer Stats
Hint Answer % Correct
An individual or animal with a genetic condition characterized by a lack of melanin, resulting in very light skin, white or pale hair, and often light-sensitive eyes. Albino
100%
A small, hardworking insect known for living in organized colonies with a division of labor, often seen carrying food many times its own weight. Ant
100%
An ancient Mesoamerican civilization centered in what is now central Mexico, known for its powerful empire, impressive architecture, and rich cultural and religious traditions before the Spanish conquest. Aztec
100%
A title used by Roman emperors, originally the family name of Julius, later adopted as a term for rulers or emperors. Caesar
100%
A mythological being with the upper body of a human and the lower body of a horse, often portrayed as wild or wise, depending on the tale, and associated with both battle and knowledge. Centaur
100%
A hard, lustrous metal with magnetic properties, often used in alloys for strength and durability, as well as in batteries, pigments, and medical imaging. Cobalt
100%
A short, pointed weapon with a sharp blade on both edges, designed for close combat or stealthy use. Dagger
100%
The fourth letter of the Greek alphabet (Δ, δ), commonly used to represent change or difference in mathematics and science; also a landform where a river splits before entering a larger body of water. Delta
100%
A person’s sense of self or self-importance; in psychology, the part of the mind that mediates between conscious desires and reality. Ego
100%
The time or date (twice each year) at which the sun crosses the celestial equator. Equinox
100%
Extreme scarcity of food. Famine
100%
A glowing circle or ring of light often depicted around the head of a sacred or divine figure, symbolizing holiness or spiritual significance. Halo
100%
A person who holds beliefs or opinions that go against established religious doctrines or accepted beliefs. Heretic
100%
A deep blue-purple color derived from a plant used historically for dyeing fabrics. Indigo
100%
A large, intense fire or a place of extreme heat and destruction, often used metaphorically to describe hell. Inferno
100%
A disputed territory in the Balkans that declared independence from Serbia in 2008 and is recognized as a sovereign state by many countries, though not universally. Kosovo
100%
A legendary sea monster, often depicted as a giant squid or octopus, said to dwell off the coasts and capable of dragging ships underwater. Kraken
100%
A biblical figure whom Jesus is said to have raised from the dead, symbolizing resurrection or revival. Lazarus
100%
A historical region in the Balkans, once the kingdom ruled by Alexander the Great, and today a country in southeastern Europe. Macedonia
100%
A biblical figure known for having the longest lifespan, traditionally said to have lived 969 years. Methuselah
100%
A small Balkan country located on the Adriatic coast, known for its mountainous terrain and historic towns. Montenegro
100%
A colorless, odorless gas that emits a bright, reddish-orange light when electrified, commonly used in illuminated signs and lighting displays. Neon
100%
A Roman emperor known for his controversial reign marked by extravagance, artistic ambition, and infamous acts, including accusations of tyranny and cruelty. Nero
100%
A Latin term meaning “nothing,” often used in philosophy or law to denote the absence or nonexistence of anything. Nihil
100%
A transcendent state of liberation and freedom from suffering and the cycle of rebirth, often associated with Buddhism. Nirvana
100%
A tall, four-sided, narrow stone monument that tapers to a pointed top, often erected as a monument or landmark. Obelisk
100%
The 15th letter of the Greek alphabet (Ο, ο), used in science and mathematics as a symbol or variable. Omicron
100%
A freshwater fish known for its sharp teeth and powerful jaws, often found in South American rivers, with a reputation for feeding in aggressive groups. Piranha
100%
A Latin word meaning “king,” often used as a title for rulers or to name species in scientific classification, like in the famous dinosaur Tyrannosaurus. Rex
100%
A Spanish name meaning “savior”; it’s also the name of a Central American country known for its volcanoes, beaches, and cultural heritage. Salvador
100%
The capital city of Bosnia and Herzegovina, historically significant as the site where Archduke Franz Ferdinand was assassinated, an event that helped spark World War I. Sarajevo
100%
A type of dung beetle sacred in ancient Egyptian culture, often symbolizing rebirth and protection,also used to describe amulets shaped like this beetle. Scarab
100%
A predatory arachnid with pincers and a curved, venomous stinger at the end of its tail. Scorpion
100%
A title used to designate an emperor or supreme ruler in Russia, originally derived from the Latin word for Caesar Tsar
100%
In Norse mythology, a majestic hall where warriors who died heroically in battle are received and honored by the god Odin. Valhalla
100%
The independent city-state and headquarters of the Roman Catholic Church, located within Rome, Italy, home to the Pope and famous for its religious, cultural, and historical significance. Vatican
100%
A toxic substance produced by certain animals, such as snakes or spiders, used to immobilize or kill prey or defend against threats. Venom
100%
A chemical element that is a colorless, odorless gas found in trace amounts in the Earth's atmosphere; it's often used in light sources
like flash lamps and certain types of lamps for its bright glow when electrically charged.
Xenon
100%
The point in the sky directly above an observer; also used to describe the highest or most successful point of something. Zenith
100%
The sixth letter of the Greek alphabet (Ζ, ζ), often used in science, math, and engineering to represent variables or constants. Zeta
100%
A fossilized tree resin that’s often golden or orange in color, valued for its beauty and sometimes containing preserved ancient insects or plant material. Amber
67%
A large, powerful snake native to South America, known for its aquatic habits and ability to constrict prey. Anaconda
67%
A toxic metalloid that occurs naturally in the Earth's crust; historically used in pesticides and pigments, and still used in some industrial processes, though known for its poisonous properties. Arsenic
67%
A place offering protection and shelter, often to individuals fleeing danger, persecution, or hardship; it can also refer to an institution that provides care for those with mental health conditions. Asylum
67%
A long, slender predatory fish known for its sharp teeth, aggressive behavior, and bursts of high speed, commonly found in tropical and subtropical oceans. Barracuda
67%
A tendency or preference that unfairly influences judgment or decision-making. Bias
67%
A reddish-brown liquid element at room temperature, known for its strong, unpleasant odor and high reactivity. Bromine
67%
A yacht or other boat with twin hulls in parallel. Catamaran
67%
The electrode in an electrical device where reduction occurs, typically the point where electrons enter a device such as in batteries, tubes, or electrochemical cells. Cathode
67%
An underground chamber, typically beneath a church or in a cemetery, used as a burial place or to house relics, often associated with ancient or sacred traditions. Crypt
67%
A tiny, negatively charged particle that orbits the nucleus of an atom and plays a key role in electricity and chemical bonding. Electron
67%
Lasting forever or without end, continuing indefinitely through all time. Eternal
67%
An ancient Greek mathematician often referred to as the "father of geometry," known for his influential work organizing mathematical knowledge into a systematic framework. Euclid
67%
The legendary sword of King Arthur, often associated with magical powers and rightful sovereignty in British folklore and medieval tales. Excalibur
67%
A short journey or trip taken for pleasure, education, or a specific purpose, usually returning to the starting point afterward. Excursion
67%
A bird of prey known for its keen eyesight, swift flight, and hunting skills; often admired for speed and agility in the air. Falcon
67%
A figure from ancient mythology celebrated for his beauty and taken to serve among the divine; also the name of the largest moon in the solar system, known for its icy surface and potential subsurface ocean. Ganymede
67%
In Greek mythology, a female creature with snakes for hair whose gaze could turn people to stone, the most famous being Medusa. Gorgon
67%
A colorful character traditionally dressed in a patchwork costume of diamond shapes, often appearing in comedy, theater, or carnival performances, known for being playful and mischievous. Harlequin
67%
Without any limits or end; endless in space, time, or quantity. Infinite
67%
A traditional Japanese sword with a curved, single-edged blade, known for its sharpness and craftsmanship. Katana
67%
A soft, silvery-white metal that is the lightest solid element. Lithium
67%
A woman who is the head or leader of a family, group, or community, often holding authority and respect within that social structure. Matriarch
67%
A metallic element that is liquid at room temperature, known for its silvery appearance and use in thermometers, electrical switches, and some industrial processes Mercury
67%
The mythological hammer wielded by the Norse god Thor, known for its immense power and ability to return to its owner when thrown. Mjolnir
67%
A large single block of stone, often used as a monument or structure; can also refer to something massive, uniform, and indivisible. Monolith
67%
A free-roaming horse native to North America, known for its wild spirit, endurance, and connection to the open plains and rugged landscapes. Mustang
67%
A seemingly absurd or self-contradictory statement or proposition that when investigated or explained may prove to be well founded or true. Paradox
67%
Existing at or from the very beginning of time; original or ancient. Primordial
67%
A large, nonvenomous snake found mainly in Africa, Asia, and Australia, known for constricting its prey. Python
67%
A naturally occurring radioactive gas that is colorless, odorless, and tasteless; it forms from the decay of uranium in soil and rock and can accumulate in buildings, posing health risks if inhaled over time. Radon
67%
A person who lives a solitary life and tends to avoid other people. Recluse
67%
A long-handled farming tool with a curved blade used for cutting grass or crops by swinging it in a sweeping motion. Scythe
67%
A widely abundant metalloid element that is a key component in rocks and sand; it’s essential for making computer chips and solar panels due to its ability to conduct electricity under certain conditions. Silicon
67%
A powerful and luminous explosion of a star at the end of its life cycle, releasing an enormous amount of energy and often resulting in the creation of new elements. Supernova
67%
Faster than the speed of sound. Supersonic
67%
A sharp, curved claw found on birds of prey, used for catching and holding onto their prey; also used metaphorically to describe something sharp or grasping. Talon
67%
A constellation in the night sky representing a bull; also the name of one of the zodiac signs, symbolizing strength and determination, and the Latin word for “bull.” Taurus
67%
Extreme fear. Terror
67%
A strong, lightweight metal known for its high resistance to corrosion and excellent strength-to-weight ratio. Titanium
67%
A dense, very hard metal known for its extremely high melting point, often used in applications that require heat resistance, like light bulb filaments and cutting tools. Tungsten
67%
A name famously associated with a powerful fictional figure from a space-themed saga, known for wearing black armor and having a deep, commanding voice, often representing a dark and complex character with a troubled past. Vader
67%
A transition metal known for its strength and corrosion resistance, often used to produce strong steel alloys. Vanadium
67%
A vivid, bright red-orange color often used in art and decoration, prized for its intense and striking appearance. Vermilion
67%
A Persian king famous for leading massive invasions of Greece during ancient times, particularly noted for battles like Thermopylae and Salamis. Xerxes
67%
A fictional metal often depicted as virtually indestructible and extremely strong, commonly featured in comics and movies as a material used for weapons or armor. Adamantium
33%
A name often used to refer to a destructive or fearsome being, sometimes identified as a ruler of the abyss or a symbol of destruction in religious or mythological texts. Apollyon
33%
A person appointed to settle a dispute or judgment; one who has the authority to decide or judge. Arbiter
33%
A rare, naturally occurring radioactive element that belongs to the halogen group. Astatine
33%
A sudden and fast-moving flow of snow, ice, and debris down a mountainside. Avalanche
33%
A symbolic figure often depicted as a winged humanoid with a goat’s head, associated historically with mystical or occult traditions,
sometimes misunderstood or linked to secret societies and esoteric symbolism.
Baphomet
33%
The diameter of the inside of a gun barrel or the size of the bullet it fires; it can also refer more generally to the quality or level of someone's ability. Caliber
33%
A professional officer in the ancient Roman army who commanded a unit of about 80 soldiers, known for leadership, discipline, and battlefield tactics. Centurion
33%
In Greek mythology, the ferryman who transports souls across the river separating the world of the living from the dead; also the name of Pluto’s largest moon. Charon
33%
A Native American tribe originally from the southeastern United States, known for their rich culture, history, and involvement in events like the Trail of Tears. Cherokee
33%
A water bird with a long neck and hooked bill, known for diving underwater to catch fish and often seen perched with wings spread out to dry. Cormorant
33%
A small wild canine native to North and Central America, known for its adaptability and often associated with trickster folklore. Coyote
33%
The loudest point reached in a gradually increasing sound. Crescendo
33%
A narrow opening or crack, especially in a surface like rock or a wall, often caused by splitting or erosion. Crevice
33%
A creature whose existence is suggested by folklore, eyewitness accounts, or anecdotal evidence but not confirmed by scientific proof, often associated with mystery and the unknown. Cryptid
33%
An individual who follows and learns from a teacher or leader, often adopting their teachings and spreading their ideas. Disciple
33%
A book from the Hebrew Bible or Old Testament, traditionally attributed to King Solomon, reflecting on the meaning of life, the passage of time, and the search for purpose. Ecclesiastes
33%
A soldier originally specialized in throwing explosive devices, such as grenades, who later became a type of infantry known for their strength and elite status. Grenadier
33%
A three-dimensional shape made up of 20 flat triangular faces, commonly studied in geometry and often seen in gaming dice sets. Icosahedron
33%
Embodied in flesh or given a tangible, physical form. Incarnate
33%
A figure from ancient mythology known for her transformation and long wanderings, often associated with themes of suffering and divine interaction. Io
33%
A large wild cat native to the Americas, recognized for its powerful build, spotted coat, and reputation as a skilled and stealthy predator. Jaguar
33%
A small falcon known for its ability to hover in mid-air while hunting, often seen scanning fields and open areas for small prey like insects and rodents. Kestrel
33%
Greek mythological Titan, father of the Olympian gods and the personification of time, who ruled during the Golden Age. Kronos
33%
A long weapon for thrusting, having a wooden shaft and a pointed steel head, formerly used by a horseman in charging. Lance
33%
A gigantic sea monster from ancient tales, symbolizing immense power and chaos, often described as a massive creature dwelling in the depths of the ocean. Leviathan
33%
A broad, heavy knife with a long blade, used for cutting through vegetation or as a tool and weapon. Machete
33%
A powerful, turbulent whirlpool or a situation of chaotic turmoil and confusion. Maelstrom
33%
A bright, purplish-red color that sits between red and purple on the color spectrum, often used in printing and design for its vibrant appearance. Magenta
33%
An independent-minded person who does not go along with a group or party. Maverick
33%
A sovereign ruler, typically a king or queen, who holds supreme authority over a state or territory—sometimes symbolically, sometimes with actual governing power. Monarch
33%
A facility where deceased individuals are kept, typically for identification, autopsy, or storage prior to burial or cremation. Morgue
33%
A central connection point or link between multiple things or ideas. Nexus
33%
A preposition commonly used to indicate position atop a surface or contact with something, or to show involvement or occurrence at a specific time or place. On
33%
A smooth, usually black gemstone often used in jewelry, prized for its glossy surface and deep color. Onyx
33%
An ancient Egyptian god of the afterlife, resurrection, and fertility, often depicted as a mummified king. Osiris
33%
In Greek mythology, the son of the sun god Helios who disastrously attempted to drive the chariot of the sun across the sky. Phaeton
33%
Someone who is an originator or ancestor of a family, group, or line; a person from whom others are descended. Progenitor
33%
An extremely bright and distant astronomical object powered by a supermassive black hole at the center of a galaxy, emitting enormous amounts of energy and visible across vast cosmic distances. Quasar
33%
A masterless warrior from feudal Japan, who once served a lord but became a wanderer without a master. Ronin
33%
A curved, single-edged sword traditionally used by cavalry, known for its slashing ability and often associated with military or ceremonial use. Saber
33%
A stone coffin, often ornately decorated, used in ancient times to bury and protect the remains of the deceased. Sarcophagus
33%
A creature from ancient mythology, often depicted with human features combined with those of a goat, known for its wild, mischievous nature and association with music, revelry, and woodland settings. Satyr
33%
A descendant or heir, especially of a wealthy, noble, or influential family. It can also refer to a young shoot or twig of a plant, especially one cut for grafting or rooting. Scion
33%
A guard or watchperson stationed to keep watch and provide early warning, often tasked with protecting a place or group. Sentinel
33%
A celestial being of the highest order in angelic hierarchies, often depicted with multiple wings and associated
with divine light, purity, and the direct worship of a deity.
Seraph
33%
A word, phrase, or custom used to distinguish members of a group from outsiders, often serving as a cultural or linguistic identifier. Shibboleth
33%
A deep, primordial abyss used as a dungeon of torment and imprisonment for the wicked or defeated gods in ancient Greek mythology Tartarus
33%
A violent storm, especially one with strong winds and heavy rain. Tempest
33%
An island nation in the Caribbean known for its vibrant culture, music like calypso and soca, and rich history shaped by diverse influences. Trinidad
33%
A quantity having direction as well as magnitude, especially as determining the position of one
point in space relative to another.
Vector
33%
A venomous snake known for its long, hinged fangs that inject toxin into its prey, often recognized by a triangular-shaped head and quick striking ability. Viper
33%
The ability to see; also, a mental image or foresight of something not yet realized. Vision
33%
A person responsible for supervising, protecting, or managing a particular place, group, or institution, such as a prison, park, or wildlife reserve. Warden
33%
A stocky, muscular carnivorous mammal known for its strength, ferocity, and ability to survive harsh environments. Wolverine
33%
A ghostly apparition or spirit, often seen as an omen of death or a restless soul. Wraith
33%
An old term often used in mythology and fantasy to describe a dragon or serpent-like creature, sometimes portrayed as large, powerful, and fearsome. Wyrm
33%
A person who shows extreme passion or unwavering devotion to a cause, belief, or ideology, often acting with intense enthusiasm or even fanaticism. Zealot
33%
A gentle, mild breeze often associated with the west wind in Greek mythology, symbolizing calm and pleasant weather. Zephyr
33%
A name often associated with destruction or an abyss, sometimes described as a place of ruin or a powerful being linked to chaos and the underworld in religious or mythological texts. Abbadon
0%
A military officer who acts as an assistant or aide to a senior officer. Adjutant
0%
A type of aquatic salamander native to Mexico, known for its ability to retain its larval features, such as external gills, throughout its life, and often studied for its remarkable regenerative abilities. Ajolote
0%
A plant known for its vibrant, often reddish-purple flowers and edible seeds or leaves; symbolically associated with immortality or unfading beauty in various cultures. Amaranth
0%
These warriors were an ancient warrior society within the Star Wars universe, known more for their martial culture than being a distinct alien species Amaxine
0%
A winged serpent or dragon-like creature from ancient myths, often depicted with feathered wings and a serpentine body, different from traditional dragons or wyverns. Amphithere
0%
A brittle, lustrous metalloid used in alloys to increase hardness and strength. Antimony
0%
An ancient city located in what is now Turkey, once a major center of early Christianity and a key city in the Roman and Byzantine empires. Antioch
0%
One of the largest freshwater fish species in the world, native to the Amazon River basin; known for its elongated body, large scales, and ability to breathe air. Arapaima
0%
A figure in the Hebrew Bible, traditionally considered a grandson of Noah and an ancestor of Abraham. Arphaxad
0%
Having or showing an ability to accurately assess situations or people and turn this to one's advantage. Astute
0%
A powerful Brute warlord in the Halo universe who leads the Banished, a faction that broke away from the Covenant. Atriox
0%
A theoretical particle proposed in physics to resolve the strong CP (Charge Parity) problem in quantum chromodynamics (QCD). It's also considered a candidate for dark matter due to its extremely low mass and weak interactions with normal matter. Axion
0%
A cause of great distress, ruin, or harm. Bane
0%
A limbless, worm-like amphibian that lives mostly underground or in water, known for its smooth, segmented body and burrowing lifestyle. Caecilian
0%
Well-known American manufacturer of general aviation aircraft. Cessna
0%
A creature made by joining parts from different animals together. Often seen with the body of one animal and heads or limbs from others. In stories, it usually looks strange and powerful. Chimaera
0%
A brass instrument with a deep, powerful tone, typically used in operatic and orchestral music; it has a range similar to that of a tuba but with a more focused sound and is shaped more like a trombone. Cimbasso
0%
Dressed or covered in a particular type of clothing or material. Clad
0%
A formal agreement or pact between two or more parties, often with binding promises or obligations. Covenant
0%
A rich, deep shade of red with a slight bluish or purplish undertone, often associated with intensity, passion, or royalty. Crimson
0%
A group of islands in the Aegean Sea, part of Greece, known for their stunning white buildings, blue-domed churches, and significant ancient archaeological sites. Cyclades
0%
A genus of bats commonly known as vampire bats, which feed on the blood of other animals. Desmodus
0%
Feeling or showing deep sadness, discouragement, or loss of hope. Despondent
0%
Someone or something that deviates from the accepted norms or standards, often considered unconventional or abnormal in behavior or characteristics. Deviant
0%
A person who is inclined to teach or lecture others, often in a way that is instructive or sometimes overly moralizing Didact
0%
The state or quality of being godlike or sacred. Divinity
0%
A legendary or mythical creature, often depicted as a large, powerful serpent or dragon, sometimes associated with ancient stories of danger and guardianship. Drakon
0%
A term in Icelandic that refers to male children or young males, often used to describe boys or young men. Drengir
0%
Cheerful and full of energy; enthusiastic and lively. Ebullient
0%
Hardened forewings of certain insects, such as beetles, that protect the delicate hindwings used for flying. Elytra
0%
A high-ranking Brute warrior in the Halo universe, loyal to Atriox and serving as the leader of the Banished during the events of Halo Infinite. Escharum
0%
Full of energy, excitement, and lively enthusiasm; often used to describe someone or something that is joyful and overflowing with vitality. Exuberant
0%
Balance or equilibrium; a state of physical or metaphorical steadiness or stability. Gleichgewicht
0%
Causing severe pain, suffering, or sorrow. Grievous
0%
A type of fish found in both shallow and deep waters, valued for its mild-flavored white flesh and commonly used in cooking and seafood dishes. Hake
0%
A word meaning calm, peaceful, and prosperous; originally referring to a mythical bird said to calm the seas during its nesting period. Halcyon
0%
A Welsh word describing a deep, nostalgic longing for a home or place that may no longer exist or perhaps never was, often carrying a sense of sorrow or yearning. Hiraeth
0%
A figure from Greek mythology, one of the Titans associated with the sun and light; also the name of a moon orbiting Saturn. Hyperion
0%
The beginning or starting point of something. Inception
0%
A chemical element that appears as a dark, lustrous solid at room temperature and produces a violet vapor when heated Iodine
0%
An angel in Islamic tradition believed to blow the trumpet signaling the Day of Judgment, often associated with the announcement of the end of the world. Israfil
0%
A giant sea serpent in Norse mythology, also known as the Midgard Serpent, that encircles the world and is destined to fight Thor during Ragnarok. Jormungandr
0%
A term from a mystical tradition meaning "crown," representing the highest, most divine aspect or emanation, often symbolizing supreme unity or the source of all creation. Keter
0%
A large wild donkey native to the Tibetan Plateau and surrounding regions, known for its strength and endurance in high-altitude environments. Kiang
0%
A figure from ancient religious texts, known as a descendant of early humanity; he is noted for being the father of a prominent craftsman and for a brief poetic declaration about vengeance. Lamech
0%
A powerful undead sorcerer or magician who has used dark magic to achieve immortality by binding their soul to a phylactery. Lich
0%
naturally occurring compound found in the peels of citrus fruits, known for its strong, pleasant lemon-like scent and often used in cleaning products, perfumes, and as a flavoring agent. Limonene
0%
A term meaning “large” or “great,” often used to describe a bigger-than-standard size of a bottle, especially for wine or champagne, or to indicate something powerful, like a firearm cartridge. Magnum
0%
A fast and agile species of shark found in warm oceans, known for its speed, pointed snout, and powerful swimming abilities. Mako
0%
A person who roams around in search of things to steal or people to attack, often causing destruction and chaos. Marauder
0%
A noble rank in certain European aristocratic systems, typically positioned below a duke and above a count or earl. Marchion
0%
A heavy hammer-like weapon or tool, often used for striking with great force Maul
0%
A person who lives by begging, often belonging to a religious order that embraces poverty. Mendicant
0%
A device or screen used to display visual information from a computer or other electronic system; it can also refer to someone who supervises or watches over a group or activity. Monitor
0%
An island in the Caribbean known for its volcanic activity and lush landscapes; also the name of a popular sans-serif font inspired by the signage of a neighborhood in Buenos Aires. Montserrat
0%
A type of long, slender fish with a snake-like body, often found hiding among rocks and coral reefs, known for its sharp teeth and sometimes aggressive behavior. Moray
0%
A term often used to describe a person or entity associated with the belief that life or existence lacks meaning, value, or purpose, sometimes linked to the idea of total emptiness or destruction. Nihilus
0%
Short for nitrogen-based compounds often used as explosives or in fuel additives to boost engine performance, known for producing rapid energy release or increased power. Nitro
0%
An extremely large and rare string instrument from the violin family, pitched lower than the double bass, requiring special mechanisms to play due to its size and deep tones. Octobass
0%
A ghostly apparition or an illusion, often something seen or imagined that feels unreal or supernatural. Phantasm
0%
A chemical compound often used in shampoos and skincare products for its antimicrobial properties, helping to treat dandruff and skin conditions by inhibiting the growth of certain fungi and bacteria. Pyrithione
0%
A type of yellow dye made from the bark of a particular species of oak tree, historically used in textile coloring. Quercitron
0%
A raider or plunderer, often associated with violent or aggressive attacks. Reaver
0%
An entity that returns from death, often taking the form of a ghost, spirit, or reanimated corpse. Revenant
0%
An individual who behaves in an unpredictable, dishonest, or unprincipled way, often operating outside the rules or norms. Rogue
0%
A bright, vibrant shade of red traditionally used as the racing color for Italian cars, especially famous on brands like Ferrari and Alfa Romeo. Rosso Corsa
0%
A synthetic sweetener many times sweeter than sugar, used as a sugar substitute in foods and beverages, known for having no calories and a slightly bitter aftertaste. Saccharin
0%
A name with historical and geographical significance, often referring to a key battle during a major war that marked a turning point, or to a location known for its springs, racetrack, or cultural heritage. Saratoga
0%
A large, venomous centipede with a segmented body and numerous legs, known for its aggressive hunting behavior and ability to subdue prey with a painful bite. Scolopendra
0%
A bottom-dwelling fish with a broad, spiny head and tapered body, often found in cold marine or freshwater environments, known for its camouflage and ability to cling to rocks. Sculpin
0%
A monstrous sea creature from ancient mythology, often depicted as having multiple heads or tentacles, known for lurking on one side of a narrow strait and threatening sailors who pass nearby. Scylla
0%
An official in a medieval household or estate who managed domestic affairs and oversaw servants, often acting as a steward or administrator. Seneschal
0%
A powerful, rapid burst of energy that travels through a medium like air or water, often caused by explosions, sonic booms, or intense impacts. Shockwave
0%
Refers to someone who hides their true, often evil, intentions behind a friendly or harmless appearance; secretive and deceptive in a way that causes harm. Sidious
0%
A respectful term used to address a king or lord; it can also mean a male parent, especially of animals like horses. Sire
0%
Comfort or consolation in a time of distress or sadness. Solace
0%
A word meaning severe, bare, or sharply defined; it can also be a surname famously associated with a prominent family in literature and popular culture, known for their resilience and complex relationships. Stark
0%
Typically a male given name, often used in Scandinavian countries. Stellan
0%
A large, predatory freshwater fish in the salmon family, native to rivers and lakes in Siberia and parts of Central Asia, known for its impressive size and strength. Taimen
0%
Dark, shadowy, or filled with gloom; often used to describe something mysterious or obscured by darkness. Tenebrous
0%
A primordial goddess or dragon figure in ancient mythology, often representing chaos and the sea, who is defeated in a cosmic battle leading to the creation of the world. Tiamat
0%
A figure from ancient mythology who was granted eternal life but not eternal youth, resulting in endless aging without death. Tithonus
0%
A member of a Catholic religious order of monks or nuns known for living a strict, contemplative life; the name is also famous for certain types of beer brewed by these monks. Trappist
0%
A monstrous figure from ancient mythology, often depicted as a fearsome giant or storm deity, who battled the chief god for control of the cosmos and was associated with chaos and destructive forces. Typhon
0%
Relating to the sea off the western coast of Italy, part of the Mediterranean, bordered by regions like Tuscany and Sicily; historically important in ancient Roman and Etruscan times. Tyrrhenian
0%
An old-fashioned or formal word meaning “to” or “toward,” often used in religious or poetic contexts to indicate direction or purpose. Unto
0%
The strange, nostalgic feeling you get when surrounded by old bookstores or libraries, evoking a sense of mystery and the passage of time through books. Vellichor
0%
A mythical dragon-like creature with two legs and wings, often depicted in heraldry and folklore. Wyvern
0%
A brand name often associated with sports equipment, especially high-quality football helmets known for advanced protection and technology. Xenith
0%
A legendary figure from the Halo universe—one of the elite warrior-race known for their strict honor code.
He served as an Imperial Admiral commanding the Combined Fleet of Righteous Purpose during a major internal conflict known as the Great Schism.
Xytan
0%
No matching quizzes found
Score Distribution
Percent of People with Each Score
Percentile by Number Answered
Your Score History
You have not taken this quiz